header

Reviews in computational chemistry. (Record no. 38070)

MARC details
000 -LEADER
fixed length control field 01224nam a2200301Ia 4500
245 00 - TITLE STATEMENT
Title Reviews in computational chemistry.
260 ## - PUBLICATION, DISTRIBUTION, ETC. (IMPRINT)
Place of publication New York, N.Y. :
Name of publisher Wiley-VCH,
Year of publication 2007.
300 ## - PHYSICAL DESCRIPTION
Number of Pages xxix, 418 p. :
Other physical details ill.
490 0# - SERIES STATEMENT
Series statement Reviews in computational chemistry ;
650 #0 - SUBJECT ADDED ENTRY--TOPICAL TERM
Topical Term Chemistry
Topical Term Chemistry
700 1# - ADDED ENTRY--PERSONAL NAME
Personal name Lipkowitz, Kenny B.
Personal name Boyd, Donald B.
Personal name Cundari, Thomas R.,
856 40 - ELECTRONIC LOCATION AND ACCESS
Uniform Resource Identifier http://site.ebrary.com/lib/rucke/Doc?id=10233200

No items available.

© 2026 Rongo University
Contact us: librarian | system librarian | Rongo university